000 00313nam a22001337a 4500
008 260210b ||||| |||| 00| 0 eng d
020 _a9788899358709
041 _aeng
080 _a12133
100 _a20
101 _aital
245 _a La Divina Commedia
_cMarco Marino , Domenico Palumbo
942 _2lcc
_cBK
999 _c60761
_d60761